Aktuality z regiónu strednej a východnej Európy

Pokračovanie seriálu o aktualitách z regiónu strednej a východnej Európy

Enregistré dans:
Détails bibliographiques
Auteur principal: Bačišin, Vladimír
Format: Chapitre de livre
Langue:slovaque
Sujets:
Tags: Ajouter un tag
Pas de tags, Soyez le premier à ajouter un tag!

MARC

LEADER 00000nla a2200000 4500
001 0242378
005 20240417075137.2
041 0 |a slo 
044 |a SK 
245 1 0 |a Aktuality z regiónu strednej a východnej Európy  |c Vladimír Bačišin 
520 |a Pokračovanie seriálu o aktualitách z regiónu strednej a východnej Európy 
610 2 0 |a situácia hospodárska 
610 2 0 |a ukazovatele makroekonomické 
610 2 0 |a stredná Európa 
610 2 0 |a východná Európa 
100 1 |a Bačišin, Vladimír